000 01175nam0a2200349 4500
001 RU\NLR\bibl\1517772
005 20260406154028.0
010 _a978-5-88503-936-9
_9150000
021 _aRU
_b2010-30923
_92073
021 _aRU
_b2010-43486
_92920
021 _aRU
_b2011-48992
_93485
035 _a(nilc)RSL-KNO-004635724
035 _a(NLR Aleph) 001509146
090 _a69287
_c69287
100 _a20100427d2010 |||y0rusy50 ca
101 0 _arus
102 _aRU
105 _aa |||||||||
200 1 _aАнаста
_fВладимир Мегре
210 _aМосква
_c[б.и.]
_aСанкт-Петербург
_cДиля
_d2010
215 _a284, [1] с.
_cил.
_d20
225 1 _aЗвенящие кедры России
_vкн. 10
600 0 _aАнастасия
_92078895
_3RU\NLR\auth\661254762
686 _aЮ969,0
_2rubbk
686 _aЮ96
700 1 _4070
_8rus
_7ca
_aМегре
_bВ. Н.
_f1950-
_gВладимир Николаевич
_3RU\NLR\auth\776718
_9116667
801 0 _aRU
_bRuMoRKP
_c20100427
_grcr
801 1 _aRU
_bRuMoRGB
_c20100427
801 2 _aRU
_bNLR
_c20100531
_grcr
942 _cBOOK
980 _aNB